000 01177nam a2200301 c 4500
003 BLK
005 20180422105651.0
008 180409b bul|||||r ||||||| ||bul||
010 _aKNG00110778000
020 _a954-739-273-5
_bиздат.: Захарий Стоянов
040 _aBLK
041 _aBUL
_cBUL
080 _aБългарска литература
_b821.163.2
_x-32
_z821.163.2-32
100 1 _aЦончев, Дончо Стефанов
_eпърви автор
_9367144
700 1 _aДобрев, Петър
_eхудож.
_9363526
139 _aЦончев, Дончо Стефанов
_bЦ 85
245 1 0 _aПерата на индианците
_b102 разказа
_cДончо Стефанов Цончев; худож. Петър Добрев.
257 _aBGR
260 София
_bЗахарий Стоянов
_c2002
_fСофия : Образование и наука
300 _a560 с.
_bс ил.
_c21 см
380 _aX
490 1 _aПоредица Българска класика
852 _aЦб 217854
856 4 _qpdf
_u
856 4 _qpdf
_u
942 _cKNG
_n0
944 _aCR
_c03.02.2004
_kГеновева_Генчева
944 _aED
_c10.03.2004
_k
999 _c105553
_d105553